Welcome to the Holygrace Academy Library

Please use search bar below to get started

PUTHENCHIRAYILE PANCHAKSHATHA (Record no. 5558)

MARC details
000 -LEADER
fixed length control field 00337nam a22001337a 4500
082 ## - DEWEY DECIMAL CLASSIFICATION NUMBER
Classification number 894.812
Item number CAL/P
100 ## - MAIN ENTRY--AUTHOR NAME
Personal name CALLISTUS MALIEKAL
245 ## - TITLE STATEMENT
Title PUTHENCHIRAYILE PANCHAKSHATHA
260 ## - PUBLICATION, DISTRIBUTION, ETC. (IMPRINT)
Place of publication THRISSUR
Name of publisher SUPERIOR GENERAL CONGREGATION OF THE JOLY FAMILY
Year of publication 1995
300 ## - PHYSICAL DESCRIPTION
Number of Pages 246
520 ## - SUMMARY, ETC.
Summary, etc RELIGIOUS
650 ## - SUBJECT ADDED ENTRY--TOPICAL TERM
Topical Term RELIGIOUS
942 ## - ADDED ENTRY ELEMENTS (KOHA)
Koha item type Books
Holdings
Withdrawn status Lost status Collection code Home library Current library Shelving location Date acquired Source of acquisition Cost, normal purchase price Full call number Accession Number Koha item type
    Fiction Main Library Main Library SHELF-16L- MALAYALAM BIOGRAPHY,STUDIES/CRITICISM 05/03/2002 Purchase 70.00 894.812 CAL/P 01073 Books